Guess the lyrics (#8) - Statistics

General Stats
  • This quiz has been taken 373 times
  • The average score is 105 of 292
Answer Stats
Answer % Correct
a
96%
the
93%
and
83%
And
83%
he
77%
to
75%
To
75%
be
74%
in
74%
on
73%
we
73%
is
71%
"Go
67%
go
67%
your
60%
of
59%
Of
59%
then
57%
were
43%
all
41%
his
40%
was
40%
Man!
37%
life"
36%
life
36%
out
34%
With
31%
way
30%
down
28%
going
26%
got
26%
mean
25%
Take
23%
Yes
23%
said
21%
Yeah!
21%
Yeah
21%
feel
17%
new
17%
there's
17%
under
17%
beat
14%
road
11%
Leave
9%
took
9%
rhythm
8%
Rhythm
8%
street
8%
feet
7%
while
7%
forth
6%
San Francisco
6%
fingers
5%
fly
5%
Fly
5%
Hit
5%
til
4%
voice
4%
Daddy
3%
"Daddy
3%
powerful
3%
Puts
3%
ready
3%
Spread
3%
spread
3%
tingle
3%
wife
3%
below
2%
Bridge
2%
cats
2%
common-law
2%
himself
2%
loud
2%
million
2%
picture
2%
started
2%
Suddenly
2%
swim
2%
Swim
2%
wings
2%
bedroom
1%
blew
1%
blowing
1%
Canton
1%
crawl
1%
Crawl
1%
dive
1%
floor
1%
gospel
1%
hooked
1%
landed
1%
Manhattan
1%
Milwaukee
1%
pie-eyed
1%
pigeons
1%
piper
1%
religion
1%
religions
1%
Ridge
1%
Rocky
1%
Scranton
1%
screen"
1%
sensation
1%
tootin'
1%
trumpet
1%
walkie-talkie
1%
wider
1%
congregation
0%
Flip
0%
flowing
0%
muscatel
0%
No matching quizzes found
Score Distribution
Percent of People with Each Score
Percentile by Number Answered
Your Score History
You have not taken this quiz